Deep Souths (Record no. 10282)
[ view plain ]
| 000 -LEADER | |
|---|---|
| fixed length control field | 01745nam a2200397Ia 4500 |
| 082 04 - DEWEY DECIMAL CLASSIFICATION NUMBER | |
| Classification number | 975 |
| 100 1# - MAIN ENTRY--AUTHOR NAME | |
| Personal name | Harris, J. William, |
| 245 10 - TITLE STATEMENT | |
| Title | Deep Souths |
| 260 ## - PUBLICATION, DISTRIBUTION, ETC. (IMPRINT) | |
| Place of publication | Baltimore : |
| Name of publisher | Johns Hopkins University Press, |
| Year of publication | 2001. |
| 300 ## - PHYSICAL DESCRIPTION | |
| Number of Pages | xii, 454 p., [26] p. of plates : |
| Other physical details | ill., maps. |
| 650 #0 - SUBJECT ADDED ENTRY--TOPICAL TERM | |
| Topical Term | African Americans |
| Topical Term | African Americans |
| Topical Term | African Americans |
| Topical Term | Capitalism |
| Topical Term | Agriculture |
| Topical Term | Agriculture and politics |
| 856 40 - ELECTRONIC LOCATION AND ACCESS | |
| Uniform Resource Identifier | http://site.ebrary.com/lib/rucke/Doc?id=10021577 |
No items available.
